| 000 | 00422nam a22001577a 4500 | ||
|---|---|---|---|
| 020 | _a0134526732 | ||
| 082 | _a658.4092 WRI | ||
| 100 |
_aWright P. L. _97003 |
||
| 245 | _aImproving Leadershid Performance | ||
| 260 |
_aLONDON _bPRENTICE INTERNATIONAL, INC _c1984 |
||
| 300 |
_axii,157p. _b:ill.;23cm. |
||
| 500 | _aIncludes index | ||
| 650 |
_aLeadership Perfomance _97004 |
||
| 700 |
_aTaylor,D.S. _97005 |
||
| 942 | _cBK | ||
| 999 |
_c13663 _d13663 |
||